|
|
|
|
| LEADER |
02953nam a22005175i 4500 |
| 001 |
978-3-540-89514-5 |
| 003 |
DE-He213 |
| 005 |
20151204154305.0 |
| 007 |
cr nn 008mamaa |
| 008 |
100301s2009 gw | s |||| 0|eng d |
| 020 |
|
|
|a 9783540895145
|9 978-3-540-89514-5
|
| 024 |
7 |
|
|a 10.1007/978-3-540-89514-5
|2 doi
|
| 040 |
|
|
|d GrThAP
|
| 050 |
|
4 |
|a HD28-70
|
| 072 |
|
7 |
|a KNT
|2 bicssc
|
| 072 |
|
7 |
|a JFD
|2 bicssc
|
| 072 |
|
7 |
|a BUS070060
|2 bisacsh
|
| 082 |
0 |
4 |
|a 658
|2 23
|
| 100 |
1 |
|
|a Staudter, Christian.
|e author.
|
| 245 |
1 |
0 |
|a Design for Six Sigma+Lean Toolset
|h [electronic resource] :
|b Implementing Innovations Successfully /
|c by Christian Staudter, Jens-Peter Mollenhauer, Renata Renata, Olin Roenpage, Clemens von Hugo, Alexis Hamalides ; edited by Stephan Lunau.
|
| 264 |
|
1 |
|a Berlin, Heidelberg :
|b Springer Berlin Heidelberg,
|c 2009.
|
| 300 |
|
|
|a XII, 363 p.
|b online resource.
|
| 336 |
|
|
|a text
|b txt
|2 rdacontent
|
| 337 |
|
|
|a computer
|b c
|2 rdamedia
|
| 338 |
|
|
|a online resource
|b cr
|2 rdacarrier
|
| 347 |
|
|
|a text file
|b PDF
|2 rda
|
| 505 |
0 |
|
|a Foreword -- Define: Initiating the Project -- Scoping the Project -- Managing the Project -- Measure: Selecting Customers -- Collecting Customer Voices -- Specifying Customer Needs -- Analyze: Identifying Design Concept -- Optimizing Design Concept -- Reviewing the Capability of the Concept -- Design: Develop, Test and Optimize Detailed Design -- Reviewing the Performance Capability for the Target Production -- Developing and Optimizing Lean Process -- Verify: Preparing Implementation -- Implementing the Process -- Handing over the Process.
|
| 520 |
|
|
|a The Toolset is a comprehensive collection of the relevant Design for Six Sigma+Lean tools, which are necessary for successfully implementing innovations. All tools are presented in a clear structure, providing a good overview of the methodology. The chronology of the listed tools corresponds to the procedure in a Design for Six Sigma+Lean development project with the stages Define, Measure, Analyze, Design, and Verify. Due to this unique structure by which tools can be found and applied quickly we created a book that facilitates project work in practical use enormously.
|
| 650 |
|
0 |
|a Business.
|
| 650 |
|
0 |
|a Industrial management.
|
| 650 |
|
0 |
|a Management.
|
| 650 |
1 |
4 |
|a Business and Management.
|
| 650 |
2 |
4 |
|a Media Management.
|
| 650 |
2 |
4 |
|a Innovation/Technology Management.
|
| 700 |
1 |
|
|a Mollenhauer, Jens-Peter.
|e author.
|
| 700 |
1 |
|
|a Renata, Renata.
|e author.
|
| 700 |
1 |
|
|a Roenpage, Olin.
|e author.
|
| 700 |
1 |
|
|a Hugo, Clemens von.
|e author.
|
| 700 |
1 |
|
|a Hamalides, Alexis.
|e author.
|
| 700 |
1 |
|
|a Lunau, Stephan.
|e editor.
|
| 710 |
2 |
|
|a SpringerLink (Online service)
|
| 773 |
0 |
|
|t Springer eBooks
|
| 776 |
0 |
8 |
|i Printed edition:
|z 9783540895138
|
| 856 |
4 |
0 |
|u http://dx.doi.org/10.1007/978-3-540-89514-5
|z Full Text via HEAL-Link
|
| 912 |
|
|
|a ZDB-2-SBE
|
| 950 |
|
|
|a Business and Economics (Springer-11643)
|